[Event "Zonal 3.3 Online"]
[Site "Tornelo INT"]
[Date "2021.05.07"]
[Round "7"]
[White "Galas, Bernadette"]
[Black "Natividad, Richard"]
[Result "1/2-1/2"]
[WhiteElo "2065"]
[BlackElo "2289"]
[PlyCount "105"]
[EventDate "2021.05.01"]
[EventType "swiss"]
[EventRounds "9"]
[EventCountry "PHI"]
[SourceTitle "CBM 202 Extra"]
[Source "ChessBase"]
[SourceDate "2021.07.31"]
[SourceVersion "1"]
[SourceVersionDate "2021.07.31"]
[SourceQuality "1"]

1. e4 e5 2. Nf3 Nc6 3. d4 exd4 4. Bc4 Bc5 5. Ng5 Nh6 6. Nxf7 Nxf7 7. Bxf7+ Kxf7 8. Qh5+ g6 9. Qxc5 d6 10. Qc4+ Be6 11. Qe2 Re8 12. 0-0 Ne5 13. Nd2 Kg8 14. f4 Nf7 15. Qf2 c5 16. b3 Bd7 17. Bb2 Qf6 18. Qg3 d5 19. exd5 Qf5 20. c3 Re3 21. Qf2 Rae8 22. Rae1 Qd3 23. Nc4 Re2 24. Rxe2 Rxe2 25. Qf3 Qxf3 26. Rxf3 b5 27. Ne5 Nxe5 28. fxe5 Rxb2 29. e6 Bxe6 30. dxe6 Re2 31. cxd4 cxd4 32. Rf4 d3 33. Kf1 Rxe6 34. Rd4 Ra6 35. a4 bxa4 36. bxa4 Kg7 37. Ke1 Re6+ 38. Kf1 Re3 39. Kf2 Re2+ 40. Kf3 a5 41. Rd5 Re1 42. Rxd3 Ra1 43. Rd4 Kf6 44. Re4 h5 45. h4 Ra3+ 46. Kf4 Ra1 47. Rc4 Rf1+ 48. Ke4 Rf2 49. g3 Rg2 50. Kf4 Rf2+ 51. Ke4 Re2+ 52. Kf4 Rf2+ 53. Ke4 1/2-1/2